000 01095nam0a22002651 4500
001 v19\rc\1948851
005 20210426162407.0
035 _a(NLR Aleph) 005034007
090 _a6721536
_c6721536
100 _a20080428d1913 |||y0rusy50 ca
101 0 _arus
102 _aRU
105 _aa z |||||
200 1 _aОписание экспонатов г. Пензы на Всероссийской гигиенической выставке 1913 г. в С.-Петербурге
_fСост. зав. Сан. отд. Г.С. Калантаров
_gСан. отд. Пенз. гор. управы
210 _aПенза
_cГуб. тип.
_d1913
215 _a24 с., 8 л. диагр.
_d25
700 1 _aКалантаров
_bГ. С.
_f1877-
_gГригорий Сергеевич
_4220
712 1 2 _aВсероссийская гигиеническая выставка
_f1913
_eПетербург
_3RU\NLR\AUTH\8810009427
801 0 _aRU
_bNLR
_gpsbo
801 0 _aRU
_bRuMoRGB
_2psbo
801 1 _aRU
_bProSoft-M
_2rusmarc
852 _aNLR
_j63-7/889
942 _cBOOK
980 _aNB